Electronic Participation 8th IFIP WG 8.5 International Conference, ePart 2016, Guimarães, Portugal, September 5-8, 2016, Proceedings /

This book constitutes the refereed proceedings of the 8th IFIP WG 8.5 International Conference on Electronic Participation, ePart 2016, held in Guimarães, Portugal, in September 5-8, 2016. The 14 revised full papers presented were carefully reviewed and selected from 31 submissions. The papers refle...

Full description

Bibliographic Details
Corporate Author: SpringerLink (Online service)
Other Authors: Tambouris, Efthimios (Editor), Panagiotopoulos, Panos (Editor), Sæbø, Øystein (Editor), Wimmer, Maria A. (Editor), Pardo, Theresa A. (Editor), Charalabidis, Yannis (Editor), Sá Soares, Delfina (Editor), Janowski, Tomasz (Editor)
Format: Electronic eBook
Language:English
Published: Cham : Springer International Publishing : Imprint: Springer, 2016.
Series:Lecture Notes in Computer Science, 9821
Subjects:
Online Access:Full Text via HEAL-Link
LEADER 03034nam a22006015i 4500
001 978-3-319-45074-2
003 DE-He213
005 20160810140719.0
007 cr nn 008mamaa
008 160810s2016 gw | s |||| 0|eng d
020 |a 9783319450742  |9 978-3-319-45074-2 
024 7 |a 10.1007/978-3-319-45074-2  |2 doi 
040 |d GrThAP 
050 4 |a QA76.9.C66 
072 7 |a UBJ  |2 bicssc 
072 7 |a COM079000  |2 bisacsh 
082 0 4 |a 004  |2 23 
245 1 0 |a Electronic Participation  |h [electronic resource] :  |b 8th IFIP WG 8.5 International Conference, ePart 2016, Guimarães, Portugal, September 5-8, 2016, Proceedings /  |c edited by Efthimios Tambouris, Panos Panagiotopoulos, Øystein Sæbø, Maria A. Wimmer, Theresa A. Pardo, Yannis Charalabidis, Delfina Sá Soares, Tomasz Janowski. 
264 1 |a Cham :  |b Springer International Publishing :  |b Imprint: Springer,  |c 2016. 
300 |a XII, 189 p. 21 illus.  |b online resource. 
336 |a text  |b txt  |2 rdacontent 
337 |a computer  |b c  |2 rdamedia 
338 |a online resource  |b cr  |2 rdacarrier 
347 |a text file  |b PDF  |2 rda 
490 1 |a Lecture Notes in Computer Science,  |x 0302-9743 ;  |v 9821 
505 0 |a Theoretical foundations -- Critical reflections -- Implementations -- Policy formulation and modeling. . 
520 |a This book constitutes the refereed proceedings of the 8th IFIP WG 8.5 International Conference on Electronic Participation, ePart 2016, held in Guimarães, Portugal, in September 5-8, 2016. The 14 revised full papers presented were carefully reviewed and selected from 31 submissions. The papers reflect completed multi-disciplinary research ranging from policy analysis and conceptual modeling to programming and visualization of simulation models. They are organized in four topical threads: theoretical foundations; critical reflections; implementations; policy formulation and modeling. . 
650 0 |a Computer science. 
650 0 |a Computers. 
650 0 |a Application software. 
650 0 |a Computers and civilization. 
650 0 |a Law and legislation. 
650 1 4 |a Computer Science. 
650 2 4 |a Computers and Society. 
650 2 4 |a Computer Appl. in Administrative Data Processing. 
650 2 4 |a Information Systems and Communication Service. 
650 2 4 |a Legal Aspects of Computing. 
700 1 |a Tambouris, Efthimios.  |e editor. 
700 1 |a Panagiotopoulos, Panos.  |e editor. 
700 1 |a Sæbø, Øystein.  |e editor. 
700 1 |a Wimmer, Maria A.  |e editor. 
700 1 |a Pardo, Theresa A.  |e editor. 
700 1 |a Charalabidis, Yannis.  |e editor. 
700 1 |a Sá Soares, Delfina.  |e editor. 
700 1 |a Janowski, Tomasz.  |e editor. 
710 2 |a SpringerLink (Online service) 
773 0 |t Springer eBooks 
776 0 8 |i Printed edition:  |z 9783319450735 
830 0 |a Lecture Notes in Computer Science,  |x 0302-9743 ;  |v 9821 
856 4 0 |u http://dx.doi.org/10.1007/978-3-319-45074-2  |z Full Text via HEAL-Link 
912 |a ZDB-2-SCS 
912 |a ZDB-2-LNC 
950 |a Computer Science (Springer-11645)